TANNAN S STUDENT S GUIDE TO BANKING LAW (Record no. 2755)

MARC details
000 -LEADER
fixed length control field 00377nam a2200145Ia 4500
008 - FIXED-LENGTH DATA ELEMENTS--GENERAL INFORMATION
fixed length control field 240624s9999 xx 000 0 und d
041 ## - LANGUAGE CODE
Language code of text/sound track or separate title eng
082 ## - DEWEY DECIMAL CLASSIFICATION NUMBER
Classification number 346.082 TAN
100 ## - MAIN ENTRY--PERSONAL NAME
Personal name TANNAN M L
245 ## - TITLE STATEMENT
Title TANNAN S STUDENT S GUIDE TO BANKING LAW
250 ## - EDITION STATEMENT
Edition statement (20th ed.)
260 ## - PUBLICATION, DISTRIBUTION, ETC.
Date of publication, distribution, etc. 2004
Place of publication, distribution, etc. New Delhi
Name of publisher, distributor, etc. India Law House
300 ## - PHYSICAL DESCRIPTION
Extent cxxi, : 1236 : p. : cm. ; 24
365 ## - TRADE PRICE
Currency code RS
Holdings
Withdrawn status Lost status Damaged status Not for loan Home library Current library Shelving location Date acquired Source of acquisition Cost, normal purchase price Total Checkouts Total Holds Full call number Barcode Date last seen Copy number Price effective from Koha item type
Store Books       IMTN IMTN Rack 13-B 11/17/2005 AP 600.00   2883 346.082 TAN 2755 06/24/2024 1 06/24/2024 Books
Designed & Maintained by: LRC IMT Nagpur Contact: lrc@imtnag.ac.in© 2024. All Rights Reserved.